[Event "Nanjing Pearl Spring 3rd"]
[Site "Nanjing"]
[Date "2010.10.24"]
[Round "5"]
[White "Carlsen, Magnus"]
[Black "Topalov, Veselin"]
[Result "1-0"]
[WhiteElo "2826"]
[BlackElo "2803"]
[Annotator "Moradiabadi,Elshan"]
[PlyCount "63"]
[EventDate "2010.10.20"]
[EventType "tourn"]
[EventRounds "10"]
[EventCountry "CHN"]
[EventCategory "21"]
[SourceTitle "CBM 139"]
[Source "ChessBase"]
[SourceDate "2010.11.18"]
[SourceVersion "1"]
[SourceVersionDate "2010.11.18"]
[SourceQuality "1"]

{A fine game in "Magnusian style!" The world number one is not seeking a deep theoretical surprise, rather he chooses to simply outplay his opponent in a position in which Topalov is even less experienced than he is!} 1. e4 {Aronian,Levon} e5 2. Nf3 Nc6 3. Bb5 {No more Scotch! After a fine and impressive game against Bacrot one could expect to see another Scotch, however, I believe that Carlsen is more interested in avoiding any special preparation and wants to bring the game as quickly as possible to the phase one might call "fight at the board"!} a6 {The Berlin is what one might have expected from Topalov.} 4. Ba4 Nf6 5. O-O Be7 6. d3 $5 {The right decision in my opinion. Carlsen tries to pospone d4 in order to choose his setup according to black's. There aren't many theoretical surveys in this position, though statistics show us that black may be safe here.} b5 7. Bb3 d6 8. a4 Rb8 9. axb5 axb5 10. Nbd2 {An odd though successful choice first played by Daniel King.} ({RR} 10. h3 O-O 11. Re1 h6 12. Nbd2 Re8 13. c3 b4 14. Ba4 Bd7 15. c4 Bf8 16. Nf1 Ne7 17. Bxd7 Nxd7 18. Be3 c5 19. Bd2 f5 20. exf5 Nxf5 21. Ne3 Nxe3 22. Bxe3 Nf6 23. Nd2 d5 24. cxd5 Qxd5 {Carlsen,M (2852)-Matlakov,M (2662) chess.com INT 2023 0-1 (43)}) ({RR} 10. Nc3 O-O 11. h3 ({RR} 11. Nd5 Nxd5 12. exd5 Nd4 13. Nxd4 exd4) 11... Nb4 ({RR} 11... Be6 12. Nd5 ({RR} 12. Bxe6 fxe6 13. d4 exd4 14. Nxd4 Nxd4 15. Qxd4 c5 16. Qd3 d5) 12... Bxd5 ({RR} 12... Qd7 13. c3) ({RR} 12... Nd4 13. Nxd4 exd4 14. Bd2 Nxd5 15. exd5 Bd7 16. Ra5 Ra8 17. Qa1) 13. exd5 Nb4 14. g4 ({RR} 14. d4 e4 15. Ng5 c5 16. c3 Nbxd5 17. dxc5 dxc5 18. Nxe4 c4 19. Bc2 b4 20. Qf3 Ra8 21. Rxa8 Qxa8 22. Nxf6+ Nxf6 23. Qe2)) ({RR} 11... Nd4 12. Nxd4 exd4 13. Nd5 Nxd5 14. exd5 ({RR} 14. Bxd5 Be6) 14... Bd7 15. Bd2) 12. Ne2 c5 13. Ng3 ({RR} 13. c3 Nxd3 14. Qxd3 c4 15. Bxc4 bxc4 16. Qxc4 Be6 17. Qd3 Qc7) 13... Be6 14. Bxe6 ({RR} 14. Bd2 Nc6 ({RR} 14... Bxb3 15. cxb3 Nc6 16. b4) 15. Bxe6 ({RR} 15. c3 c4 16. Bc2 d5) 15... fxe6) 14... fxe6 15. c3 Nc6 16. Re1 Qd7 17. d4 exd4 18. cxd4 c4 19. Bg5 h6 20. d5 exd5 21. Bxf6 ({RR} 21. exd5 Nb4) 21... Bxf6 22. Qxd5+ Rf7 23. Qd2 ({RR} 23. Nf5 Nb4 24. Qxd6 Qxd6 25. Nxd6 Rd7 26. e5 Nc2) 23... Ne5 ({RR} 23... b4 24. Rec1 c3 25. bxc3 bxc3 26. Rxc3 Bxc3 27. Qxc3) 24. Nxe5 Bxe5 {Carlsen,M (2693)-Aronian,L (2759) Elista 2007 CBM 119 [Aronian,Levon] 0-1 (36)}) 10... O-O 11. Re1 Bd7 $146 (11... Be6 12. Bxe6 fxe6 13. c3 Qd7 14. d4 exd4 15. cxd4 Ra8 16. Rxa8 Rxa8 17. Nb3 Nd8 {1-0 King,D (2506) -Krasenkow,M (2643)/Germany 1999/GER-chT (71)}) ({RR} 11... Be6 12. c3 Qd7 13. d4 exd4 14. cxd4 Bg4 15. h3 Bh5 16. e5 dxe5 17. dxe5 Nd5 18. Nf1 Rfd8 19. g4 Bg6 20. Ng3 Bb4 21. Bd2 Qe8 22. e6 fxe6 23. Bxb4 Ncxb4 24. Ng5 Rb6 25. Qd4 Bf7 26. Qe4 {Pulkkinen,K (2176)-Vassis,M (2290) Paleochora GRE 2025 0-1 (44)}) ({RR} 11... Be6 12. c3 b4 13. Ba4 bxc3 14. bxc3 Na5 15. d4 exd4 16. cxd4 Nc4 17. Nxc4 Bxc4 18. d5 Nd7 19. Nd4 Ne5 20. Ra3 c5 21. dxc6 d5 22. Rh3 h6 23. exd5 Qxd5 24. Nf5 Bf6 25. Qxd5 Bxd5 26. c7 {Savic,M (2543)-Nestorovic,L (2397) Kragujevac 2013 1-0 (59)}) 12. c3 Ra8 13. Rxa8 Qxa8 14. d4 h6 15. Nf1 Re8 16. Ng3 Qc8 17. Nh4 {Carlsen starts his fight for the initiative.} Bf8 $6 {An inaccuracy. The bishop on b3 is well-placed and black's last move offers white the bishop pair with no genuine counter play.} (17... Na5 18. Bc2 (18. Ba2 Nc4 $5 19. b3 (19. Bxc4 bxc4 20. dxe5 (20. Qe2 exd4 21. cxd4 $2 Nxe4 $1 {and Black would win}) 20... dxe5 21. Nhf5 Bf8 22. Qf3 Qa6) 19... Qa8 20. Qe2 Nb6 (20... Nd5 $2 21. Nhf5 Nxc3 22. Qg4 Bxf5 23. Nxf5 Bg5 24. Bxg5 hxg5 25. Qxg5 g6 26. Nh6+ Kg7 27. Ng4 {would give White a decisive winning attack.}) 21. Nhf5 Bf8 22. Bb1 {A rich position in which black is not at all worse.}) 18... g6 $5) 18. Ng6 $1 Na5 19. Nxf8 Rxf8 20. Bc2 Re8 21. f4 $1 {Of course Magnus does not hesitate and goes straight for the king. Having a strong pair of bishops and a rock solid center, who could resist the temptation?} Bg4 22. Qd3 exf4 $2 {Not at any cost! It is understandable that in a diffiicult position Topalov would seek activity but in my opinion it only worsens the situation.} (22... Qb8 {was preferable though the position remains worse.}) 23. Bxf4 Nc4 24. Bc1 $1 {A cool retreat.} c5 {The final mistake in my opinion, and Black is helpless now.} 25. Rf1 cxd4 26. cxd4 Qd8 27. h3 Be6 28. b3 Qa5 29. Kh2 {Magnus does not need to complicate things. With his last move he has prepared the final blow!} Nh7 30. e5 g6 31. d5 Nxe5 32. dxe6 $1 (32. dxe6 Nxd3 33. exf7+ Kf8 34. Bxh6+ Ke7 35. fxe8=Q+ Kxe8 36. Bxd3 {and not only does g6 fall, but the knight on h7 is lost as well. Ex:} Qc7 37. Bxg6+ Kd8 38. Rf7 $18) 1-0

[Event "Nanjing Pearl Spring 3rd"]
[Site "Nanjing"]
[Date "2010.10.30"]
[Round "10"]
[White "Carlsen, Magnus"]
[Black "Gashimov, Vugar"]
[Result "1/2-1/2"]
[WhiteElo "2826"]
[BlackElo "2719"]
[PlyCount "142"]
[EventDate "2010.10.20"]
[EventType "tourn"]
[EventRounds "10"]
[EventCountry "CHN"]
[EventCategory "21"]
[SourceTitle "CBM 139"]
[Source "ChessBase"]
[SourceDate "2010.11.18"]
[SourceVersion "1"]
[SourceVersionDate "2010.11.18"]
[SourceQuality "1"]

1. e4 {ChessBase II} e5 2. Nf3 Nf6 3. Nc3 Nc6 4. Bb5 Bb4 5. O-O O-O 6. d3 Bxc3 7. bxc3 d6 8. Re1 Bd7 9. Rb1 a6 10. Bxc6 Bxc6 11. Bg5 h6 12. Bh4 b6 $146 ({RR} 12... Re8 13. Nd2 d5 ({RR} 13... b5 14. Nf1 d5 15. f3 Re6 16. Ne3 Qd7 17. Nf5 Rc8 18. Bf2 Ba8 19. Qc1 Kh7 20. Re2 Qc6 21. Rb3 Nd7 22. h3) 14. c4 dxe4 15. Nxe4 Bxe4 16. Bxf6 Qxf6 17. Rxe4 b6 18. Qe2 Re6 19. Qd2 c5 20. Rbe1 Rae8 21. g3 Qd8 22. f4 f5 23. Rxe5 Rxe5 24. fxe5 Qd4+ 25. Qf2 Rxe5 26. Rxe5 Qxe5 27. Qf3 {Galdunts,S (2485)-Sebag,M (2415) Asnieres sur Seine 2006 EXT 2007 [ChessBase II] ½-½ (36)}) ({RR} 12... Re8 13. Re3 b6 14. Qe2 Bb5 15. h3 Qe7 16. c4 Bd7 17. d4 exd4 18. Nxd4 Qe5 19. Nf3 Qh5 20. Bxf6 gxf6 21. Qd2 Re7 22. Qc3 Kg7 23. Nd4 Qh4 24. Nf3 Qh5 25. Rd1 Be6 26. Rde1 Qa5 27. Qa1 {Sandipan,C (2656)-Bellia,F (2424) Rethymno 2011 1-0 (40)}) 13. Nd2 g5 14. Bg3 Ne8 15. d4 f6 16. c4 Ng7 17. c3 Qe8 18. f3 Qg6 19. Nf1 g4 20. fxg4 Bxe4 21. Rb2 Rae8 22. Rf2 exd4 23. cxd4 h5 24. gxh5 Nxh5 25. Re3 Bc6 26. Rc3 Re4 27. c5 bxc5 28. dxc5 d5 29. Bxc7 d4 30. Rd3 Rg4 31. Ng3 Re8 32. Rxd4 Rxd4 33. Qxd4 Nxg3 34. Bxg3 Re1+ 35. Rf1 Rxf1+ 36. Kxf1 Qb1+ 37. Be1 Bb5+ 38. Kf2 Qxa2+ 39. Kg3 Kf7 40. Bc3 Qe6 41. Qf4 Bc6 42. h4 a5 43. Qc7+ Bd7 44. Qf4 a4 45. h5 a3 46. Kh2 a2 47. Qh4 Qe7 48. Qf2 Qe6 49. Qc2 Qf5 50. Qxf5 Bxf5 51. c6 Be4 52. c7 Bf5 53. Kg3 Bc8 54. Kf4 Bb7 55. Ba1 Bc8 56. g3 Bb7 57. g4 Ba6 58. Kg3 Bc8 59. Kh4 Ba6 60. Bb2 Bb7 61. h6 Kg6 62. h7 Kxh7 63. Kh5 Bc8 64. Bxf6 Kg8 65. Ba1 Kf7 66. g5 Ke8 67. g6 Be6 68. g7 Kd7 69. Be5 a1=B 70. Bxa1 Kxc7 71. g8=Q Bxg8 1/2-1/2

[Event "London Classic 2nd"]
[Site "London"]
[Date "2010.12.10"]
[Round "3"]
[White "Anand, Viswanathan"]
[Black "Carlsen, Magnus"]
[Result "1-0"]
[WhiteElo "2804"]
[BlackElo "2802"]
[PlyCount "153"]
[EventDate "2010.12.06"]
[EventType "tourn"]
[EventRounds "7"]
[EventCountry "ENG"]
[EventCategory "19"]
[SourceTitle "CBM 140"]
[Source "ChessBase"]
[SourceDate "2011.01.18"]
[SourceVersion "1"]
[SourceVersionDate "2011.01.18"]
[SourceQuality "1"]

1. e4 {Giri,Anish} e5 2. Nf3 Nc6 3. Bb5 a6 4. Ba4 Nf6 5. O-O Be7 6. Re1 b5 7. Bb3 d6 8. c3 O-O 9. h3 Nb8 10. d4 Nbd7 11. Nbd2 Bb7 12. Bc2 Re8 ({RR} 12... c5) 13. a4 ({RR} 13. Nf1 Bf8 14. Ng3 g6) 13... Bf8 14. Bd3 c6 15. b4 ({RR} 15. b3) 15... Rc8 ({RR} 15... Nb6 16. axb5 axb5 ({RR} 16... cxb5 17. d5 Rc8) 17. Rxa8 Qxa8 ({RR} 17... Bxa8) 18. Nb3 Nc4 19. dxe5 Nxe5 20. Nxe5 Rxe5 21. f3 Re8 22. Be3 Bc8 23. Bf2 Be6 24. Nd4 Bd7 25. Qd2 Qb8 26. Bf1 h6 27. Ra1 Qb7 28. Ra5 ({RR} 28. Nb3 Ra8 ({RR} 28... Qb8 29. Ra7 c5) 29. Ra5 Rxa5 30. bxa5 Qa6 31. Bb6 Be8) 28... d5 ({RR} 28... Ra8 29. Qa2 Rxa5 30. bxa5 Qa6 31. c4) 29. exd5 Nxd5 30. Nb3 {Anand,V (2800)-Carlsen,M (2826) Nanjing 2010 CBM 139 [Giri,Anish] ½-½ (44)}) ({RR} 15... g6 16. Bb2 Bg7 17. Qb3 Rc8 18. axb5 axb5 19. Ra7 Qb6 20. Rea1 d5 21. dxe5 Nxe4 22. Bxe4 dxe4 23. Nxe4 c5 24. bxc5 Nxc5 25. Nxc5 Rxc5 26. Ng5 Bd5 27. Qb4 Rc4 28. Qd6 Qxd6 29. exd6 Rd8 30. d7 {Liuviann,C (1920)-Khamdamova,A (2291) FIDE Online Arena INT 2024 0-1 (47)}) 16. axb5 cxb5 17. Bb2 $146 ({RR} 17. Ra3 d5 18. dxe5 dxe4 19. Nxe4 Nxe5 20. Nxf6+ Qxf6 21. Nxe5 Rxe5 22. Be3 Qe6 23. Bf1 f5 24. Bd2 Rd8 25. Rxe5 Qxe5 26. Qb3+ Kh8 27. Qc2 f4 28. c4 bxc4 29. Bxc4 Rc8 30. Qd3 Qg5 31. g3 Rd8 {Knoll,H (2309)-Diermair,A (2485) Pinkafeld 2015 0-1 (34)}) 17... d5 18. exd5 exd4 19. Rxe8 Qxe8 20. c4 bxc4 21. Nxc4 Nxd5 22. Nxd4 Nxb4 23. Nf5 Nxd3 24. Qxd3 Be4 25. Qd4 Bxf5 26. Nd6 Qd8 27. Nxf5 f6 28. Rd1 Rc2 29. Nh6+ gxh6 30. Qg4+ Bg7 31. Qe6+ Kh8 32. Rxd7 Qf8 33. Ba3 Qg8 34. Qxa6 Qe8 35. Qa7 Qg8 36. Be7 Rc8 37. Qa6 Qe8 38. Ra7 Kg8 39. Qe6+ Kh8 40. Qa6 Kg8 41. Qe6+ Kh8 42. Kh2 Rc6 43. Qb3 Rc8 44. Bd6 Qg6 45. Qb7 Rd8 46. Bg3 Rg8 47. h4 Qf5 48. Qc7 Qd5 49. Ra5 Qe4 50. Qd7 Qc4 51. Qf5 Qc8 52. Qf3 Qd7 53. Bf4 Qf7 54. g3 Re8 55. Be3 Rg8 56. Ra6 Re8 57. Ra7 Re7 58. Qa8+ Qf8 59. Ra6 Re8 60. Qc6 Rc8 61. Qf3 Qf7 62. Ra7 Qe6 63. Qb7 Qg8 64. Bf4 Rd8 65. Qa6 Re8 66. Rc7 Ra8 67. Qc6 Re8 68. Be3 Rb8 69. Bd4 Qf8 70. Qc3 Re8 71. Rc6 Qf7 72. Bxf6 Rf8 73. Bxg7+ Qxg7 74. Qe3 Qb2 75. Kg2 Qb7 76. Qxh6 Qf7 77. Rc2 1-0

[Event "London Classic 2nd"]
[Site "London"]
[Date "2010.12.12"]
[Round "5"]
[White "Howell, David"]
[Black "Carlsen, Magnus"]
[Result "0-1"]
[WhiteElo "2611"]
[BlackElo "2802"]
[Annotator "Ftacnik,Lubomir"]
[PlyCount "110"]
[EventDate "2010.12.06"]
[EventType "tourn"]
[EventRounds "7"]
[EventCountry "ENG"]
[EventCategory "19"]
[SourceTitle "CBM 140"]
[Source "ChessBase"]
[SourceDate "2011.01.18"]
[SourceVersion "1"]
[SourceVersionDate "2011.01.18"]
[SourceQuality "1"]

1. e4 c5 2. Nf3 d6 3. d4 cxd4 4. Nxd4 Nf6 5. Nc3 a6 6. h3 e6 7. g4 Be7 8. Bg2 Nfd7 9. Be3 Nc6 10. Qd2 {The move of the white queen makes a very sound impression, even though earlier the alternative 10.e2 was all the rage. White has enough control on the light squares, so control of the black ones must become a priority.} (10. Qe2 Nxd4 (10... O-O 11. O-O-O (11. O-O Qc7 12. Rfd1 Nce5 13. Bc1 Re8 14. a4 Bf8 15. Qd2 b6 16. b3 Bb7 17. Bb2 Rad8 18. Qf4 Ng6 19. Qg3 Be7 $11 {0-1 Lopez Martinez,J (2505)-Grigoriants,S (2539)/Stepanakert 2005 (49)}) 11... Nxd4 12. Bxd4 b5 (12... Rb8 13. e5 (13. Ba7 Ra8 14. Be3 Rb8 15. f4 b5 16. g5 b4 17. Na4 Qa5 18. b3 Nc5 19. Bxc5 dxc5 20. e5 Qb5 21. Qe3 c4 22. Kb1 Bb7 23. Bxb7 Qxb7 24. h4 {½-½ Movsesian,S (2718)-Wojtaszek,R (2637)/Warsaw 2009 (40)}) 13... d5 {0-1 Dominguez Perez,L (2719)-Morozevich,A (2750)/Moscow 2009}) (12... Qc7 13. f4 Rb8 14. Ba7 Ra8 15. Bd4 Re8 16. g5 b5 17. a3 Rb8 18. h4 b4 19. axb4 Rxb4 20. h5 Qa5 21. Nb1 e5 22. Bc3 Nc5 23. g6 Be6 24. Qd2 Rc8 25. f5 $2 {0-1 Sandipan,C (2585)-Morozevich,A (2751)/Zuerich 2009 (76)} Qa2 $19) 13. e5 d5 14. f4 (14. Nxd5 exd5 15. Bxd5 Rb8 16. Ba7 Rb7 17. Bxb7 Bxb7 18. Rhe1 Qc7 19. Kb1 Nc5 20. Bxc5 Qxc5 21. f4 Bd5 22. Qe3 Qc6 $15 {0-1 Movsesian,S (2716)-Ponomariov,R (2727)/San Sebastian 2009 (51)}) 14... Bb7 15. Qe3 b4 16. Ne2 a5 17. Kb1 a4 18. f5 b3 19. cxb3 axb3 {½-½ Vuckovic,B (2572)-Zivkovic,V (2413)/Banja Vrucica 2009 (52)}) (10... Qc7 11. O-O-O Rb8 12. f4 O-O 13. g5 Nxd4 14. Rxd4 b5 15. Kb1 Nb6 16. Rf1 e5 17. Rd3 Be6 18. f5 Bc4 19. f6 Bd8 20. Qh5 {1-0 Pirttimaki,T (2244)-Mavritchev,J/Helsinki 2002 (27)}) 11. Bxd4 O-O 12. O-O b5 13. e5 d5 14. a3 Qc7 15. f4 Bc5 16. Qe3 Bxd4 17. Qxd4 Bb7 18. Rae1 Rac8 19. Rf2 Qb6 20. Qxb6 Nxb6 $11 {0-1 Hou,Y (2590)-Wang Hao (2696)/Xinghua Jiangsu 2009 (59)}) (10. Nce2 h5 11. gxh5 Qa5+ 12. c3 Qxh5 13. Qd2 Nde5 14. b3 Nxd4 15. Nxd4 g5 16. Rg1 Bd7 17. f3 b5 18. O-O-O Rc8 19. Kb2 $11 {1-0 Ljubojevic,L (2615)-Ivanovic,B (2440)/Zagreb 1977 (43)}) 10... O-O {The downside of the 10.d2 move is the vulnerability of the c4-square. Fortunately Black can even wait before he starts thinking about exploiting it.} (10... Nde5 11. b3 (11. Nxc6 bxc6 12. b3 Ng6 $13) 11... Nxd4 (11... Bd7 12. f4 Bh4+ 13. Bf2 Nxd4 14. Qxd4 Bxf2+ 15. Qxf2 Qa5 16. Qd2 Ng6 17. O-O-O O-O 18. Na4 Qxd2+ 19. Rxd2 Bxa4 20. bxa4 Nxf4 21. Rg1 Rac8 {0-1 Di Natale,R-Salgado,C/Villa Ballester 2003 (50)}) 12. Bxd4 (12. Qxd4 Nc6 13. Qd2 b5 $13) 12... O-O 13. O-O-O (13. f4 Bh4+ $11) 13... b5 (13... Nc6 14. Be3 b5 15. f4 Bd7 $13) 14. Ne2 Bb7 15. f4 Ng6 (15... Nc6 16. Bb2 (16. Be3 a5 $132) 16... a5 17. h4 a4 18. h5 Qa5 $11) 16. Rhf1 (16. f5 $2 Nh4 $1 $17) 16... e5 17. Be3 (17. fxe5 dxe5 18. Be3 Qxd2+ 19. Rxd2 Rad8 $11) 17... exf4 (17... a5 $5 18. f5 Nh4 19. Bh1 a4 $13) 18. Nxf4 Ne5 (18... Rc8 19. Kb1 Nxf4 20. Bxf4 Qc7 21. Rf2 $14) 19. Kb1 Rc8 20. Nd5 {½-½ Dominguez Perez,L (2717)-Topalov,V (2812)/Sofia 2009/[Ftacnik] (43)}) 11. O-O Nde5 12. b3 Nxd4 13. Bxd4 Ng6 {Carlsen was clearly the favourite in this game and his knight retreat reveals his honest ambitions. From g6 the knight eyes the weak spots f4 and h4.} (13... b5 14. a4 bxa4 15. Nxa4 Bb7 16. Nb6 Rb8 17. Bxe5 {½-½ Svidler,P (2731)-Ivanisevic,I (2613)/Khanty Mansiysk 2010}) 14. Be3 $146 (14. f4 $6 Nxf4 15. Rxf4 e5 $15) (14. Na4 Bg5 15. Qb4 a5 16. Qb5 Bd7 $11) ({RR} 14. Ne2 Nh4 15. Bh1 f5 16. exf5 Kh8 17. fxe6 Nf3+ 18. Bxf3 Rxf3 19. Ng3 Bxe6 20. Rfe1 Bg5 21. Qd1 Rxg3+ 22. fxg3 Qd7 23. Qf3 h5 24. Qe4 Bf7 25. Qf5 Qxf5 26. gxf5 Bd5 27. c4 Bc6 28. h4 Bh6 {Nilsson,L (2036)-Schiendorfer,E (2354) Caleta 2012 1-0 (32)}) ({RR} 14. f4 e5 15. fxe5 dxe5 16. Be3 Qxd2 17. Bxd2 Be6 18. Nd5 Bc5+ 19. Kh2 Rac8 20. c4 Rfe8 21. Kg3 Bxd5 22. exd5 e4 23. Bf4 e3 24. Rfe1 Rcd8 25. Re2 Nxf4 26. Kxf4 Rd6 27. Kg3 Rf6 28. Bf3 h6 {Westreich,I (1929)-Vallejo Pons,F (2706) Jerusalem 2015 0-1 (48)}) 14... Qc7 15. Ne2 (15. Na4 b5 16. Nb6 Rb8 17. Nxc8 Rfxc8 18. Rac1 b4 $15) 15... b5 16. c4 $1 {Howell is a up and coming player from England with an active approach to the game. He may not get very far on the kingside, but is smart enough to play also on the opposite flank.} bxc4 (16... Bb7 17. Rac1 Qd7 18. Nf4 Rac8 $11) 17. Rac1 Bb7 18. Rxc4 Qd7 19. Rfc1 Rac8 20. Bb6 {Quite naturally the position is about equal and White is working on forcing the exchanges of majory pieces along the c-file.} (20. Nd4 h6 21. Qa5 Rxc4 22. Rxc4 Rc8 $11) 20... Rxc4 21. Rxc4 Rc8 22. Qc2 Rxc4 23. Qxc4 (23. bxc4 $2 Qc6 $15) 23... Qe8 $5 {Black knows very well that he can not exchange queens and hope for the advantage.} 24. a4 (24. Qc7 Qa8 25. Ng3 h6 26. Bd4 Bc6 $11) 24... Qa8 25. f4 $6 {White is less experienced than his opponent who is sitting on the top of world rating list. Exposing the structure and his own king on the kingside brings no benefit and is dangerous.} (25. Ba5 Bc6 26. Qd3 h6 27. Bd2 $11) 25... h6 26. Bf2 Bh4 27. Be3 (27. Bxh4 Nxh4 28. Bh1 Qd8 29. b4 Ng6 $15) 27... Bf6 28. Qd3 (28. Ng3 Nh4 29. Bh1 d5 30. Qd3 (30. exd5 Bxd5 31. Bxd5 exd5 32. Qe2 d4 $17) 30... dxe4 31. Bxe4 Bxe4 32. Nxe4 Be7 33. Bf2 Qb7 $15) 28... Bc6 29. Ng3 (29. g5 hxg5 30. fxg5 Be5 $15) 29... Be7 {The positions has become more pleasant for Black, but making progress is another story.} 30. Nh5 Bf8 31. Bf2 Qb7 32. Qc4 (32. Kh2 e5 (32... Ne7 33. Bd4 d5 34. Qc3 f6 35. g5 $13) 33. f5 Nf4 34. Nxf4 exf4 35. Be1 Be7 36. Bd2 Bg5 37. Qf3 Qb6 38. Bxf4 Bxf4+ 39. Qxf4 Qxb3 40. Qxd6 Qxa4 41. f6 $11) 32... Ne7 33. Qd3 d5 $5 {Both players have understood, that the position will have to be opened at some stage.} 34. e5 (34. exd5 Bxd5 35. Bxd5 Nxd5 $15) 34... d4 (34... Bd7 35. Bf1 Nc6 36. Be2 $11) 35. Bf1 (35. Bxc6 Nxc6 36. Ng3 a5 37. Ne4 Qd7 $15) 35... Bd5 36. Qxa6 $6 {Howell must have been excited by the prospect of eliminating all the queenside pawns. His choice of move keepis the flame of battle burning.} (36. Bxd4 $1 Bxb3 37. Qxa6 Qb4 38. Bf2 Bxa4 39. Qc4 $11) 36... Qxb3 37. Qd3 (37. Bxd4 Nc6 38. Bb6 Be7 $17) 37... Qxa4 38. Qxd4 Qa8 39. Qa7 Qc8 40. Qc5 (40. Qa3 Ng6 41. Qb2 Be7 42. Bg2 $15) 40... Nc6 41. Qc3 Qa8 42. g5 $2 {[%mdl 256] White had to think hard about the best way of defending his exposed pawn structure. He decides to lash out into counterplay, but does it at the wrong moment.} (42. Bc4 Nb4 43. Bxd5 Qxd5 44. Kh2 Nd3 $15) (42. Bd3 Bb4 43. Qb2 Be7 $15) 42... Qa4 $1 (42... hxg5 43. fxg5 Qa2 44. Nf4 Bb4 45. Qg3 Nxe5 $17) 43. Qg3 (43. gxh6 Qe4 44. Ng3 Qxf4 45. hxg7 Bxg7 $17) 43... Qd1 {Two precise moves have managed to prove that White has lost the battle. The hanging knight on h5 can not be sensibly defended.} 44. Nf6+ (44. Qh4 Bc4 45. Ng3 Nd4 46. Qg4 Nf3+ 47. Kg2 Bd5 $19) 44... gxf6 45. gxf6+ Kh8 46. Qd3 {After the act of desperation, reality refuses to run away. Due to the pin along the first rank White has to swap the queens.} Qxd3 47. Bxd3 Nb4 48. Bb1 (48. Bf1 Kh7 49. Be3 Kg6 $19) 48... Ba2 49. Be4 Nd5 50. f5 {The game is clearly over. White can not even dream about holding the game with only a pawn for the piece.} (50. Bg3 Bc5+ 51. Kg2 Bc4 52. Kf3 Nc3 53. Bc2 h5 $19) 50... Nf4 51. Kh2 exf5 52. Bxf5 Be6 53. Bg4 (53. Bb1 Nxh3 $19) 53... Bxg4 54. hxg4 Ne6 55. Kg3 Bc5 0-1